01577nam a22003017a 4500003000900000005001700009007000300026008004100029020001800070040002500088082001600113100004300129245021100172260004700383300002100430500007200451590002700523590006800550700004500618700003300663910001400696942001400710952015300724952013300877952013301010952011501143999001701258DO-SdBNP20221110133256.0ta110301s2021 dr 000 0 spa d a9789945132120 aDO-SdBNPbspacBNPHU 4axxxxbM691r1 aModeste Valerio, Fortune953018d1954-10aReflexiones políticas de una coyuntura electoral elecciones 2020 :bapuntes sobre la izquierda revolucionaria y algo más /cFortune Modeste Valerio ; prólogo Iván Rodríguez Pilier, Manuel Salazar  aSanto Domingo :bEdiciones La Gina,c2021. a186 p. :c23 cm. aIncluye datos biográficos del autor en la solapa de la portada.  aInventariado, 2022/ YL aLa biblioteca posee un (1) ejemplar autografiado por el autor. 12aRodríguez Pilier, Iváneprol.98177512aSalazar, Manueleprol.92454 aYLockward 2ddccLBS1 00102ddc51708PDaBNPHUbBNPHUcHDd2021-11-03eFortune Modesteoxxxx M691rp2022-2699r2022-06-03w2022-06-03yLBS1zAutografiado por el autor.  00102ddc51708PDaBNPHUbBNPHUcHDd2021-11-03eFortune Modestel0oxxxx M691rp2022-2700r2022-06-03te. 2w2022-06-03yLBS1 00102ddc56708PDaBNPHUbBNPHUcHDd2021-11-03eFortune Modestel0oxxxx M691rp2022-2701r2022-06-03te. 3w2022-06-03yLBS1 00102ddc56708DSaBNPHUbBNPHUcCTd2022-11-10l0oxxxx M691rp2022-5176r2022-11-10te.4w2022-11-10yLBS1 c51920d51920